[Event "Catalunya-chT Gp2"]
[Site "Barcelona"]
[Date "2022.03.19"]
[Round "9.1"]
[White "Oratovsky, Michael"]
[Black "Adel Lahchaichi, Oussama"]
[Result "1/2-1/2"]
[WhiteElo "2412"]
[BlackElo "2288"]
[PlyCount "96"]
[EventDate "2022.01.22"]
[EventType "team-tourn"]
[EventRounds "9"]
[EventCountry "ESP"]
[SourceTitle "CBM 208 Extra"]
[Source "ChessBase"]
[SourceDate "2022.07.31"]
[SourceVersion "1"]
[SourceVersionDate "2022.07.31"]
[SourceQuality "1"]
[WhiteTeam "Salauris"]
[BlackTeam "Lleida"]
[WhiteTeamCountry "ESP"]
[BlackTeamCountry "ESP"]

1. e4 c5 2. Nf3 Nc6 3. Bb5 Nf6 4. Bxc6 dxc6 5. d3 g6 6. h3 Bg7 7. Nc3 Nd7 8. Be3 e5 9. Qd2 h6 10. 0-0 Qe7 11. Nh2 Nf8 12. f4 exf4 13. Bxf4 g5 14. Bg3 Ng6 15. Rae1 Ne5 16. Nf3 0-0 17. Kh1 b6 18. b3 g4 19. Nxe5 Bxe5 20. Bxe5 Qxe5 21. hxg4 Kh7 22. Rf4 Bxg4 23. Ref1 f5 24. Nd1 Rf6 25. Ne3 Raf8 26. exf5 Bxf5 27. Qf2 Kg6 28. Qg3+ Kh7 29. Qf2 Kg6 30. Qg3+ Kh7 31. Qf2 Kg6 32. Nc4 Qe7 33. Qg3+ Kh7 34. Qh4 Qe6 35. Qf2 Kg7 36. Qg3+ Kh7 37. Qf2 Kg7 38. Qg3+ Kh7 39. Ne3 Bg6 40. Rxf6 Rxf6 41. Rxf6 Qxf6 42. Ng4 Qg5 43. Qc7+ Kg8 44. Ne5 Qc1+ 45. Kh2 Qf4+ 46. Kg1 Qc1+ 47. Kh2 Qf4+ 48. Kg1 Qc1+ 1/2-1/2

[Event "Catalunya-chT Gp2"]
[Site "Barcelona"]
[Date "2022.02.19"]
[Round "5.1"]
[White "Adel Lahchaichi, Oussama"]
[Black "Demidov, Mikhail"]
[Result "0-1"]
[WhiteElo "2288"]
[BlackElo "2562"]
[PlyCount "62"]
[EventDate "2022.01.22"]
[EventType "team-tourn"]
[EventRounds "9"]
[EventCountry "ESP"]
[SourceTitle "CBM 208 Extra"]
[Source "ChessBase"]
[SourceDate "2022.07.31"]
[SourceVersion "1"]
[SourceVersionDate "2022.07.31"]
[SourceQuality "1"]
[WhiteTeam "Lleida"]
[BlackTeam "Platja D'Aro"]
[WhiteTeamCountry "ESP"]
[BlackTeamCountry "ESP"]

1. c4 e5 2. g3 Nc6 3. Bg2 Bc5 4. Nc3 a6 5. e3 d6 6. Nge2 Ba7 7. d4 Bd7 8. h3 Nf6 9. 0-0 0-0 10. Kh2 Rb8 11. a3 b5 12. cxb5 axb5 13. b4 exd4 14. exd4 h6 15. Qd3 Ne7 16. g4 Ng6 17. f4 Nh4 18. Bh1 c5 19. f5 Rc8 20. Bf4 Re8 21. Bg3 cxd4 22. Nxd4 d5 23. Ncxb5 Bxb5 24. Nxb5 Re3 25. Nxa7 Rxd3 26. Nxc8 Qxc8 27. Rac1 Qd8 28. b5 Ne4 29. Bc7 Rd2+ 30. Kg1 Qf6 31. Bxe4 Qd4+ 0-1

[Event "Catalunya-chT Gp2"]
[Site "Barcelona"]
[Date "2022.01.29"]
[Round "2.1"]
[White "Asis Gargatagli, Hipolito"]
[Black "Adel Lahchaichi, Oussama"]
[Result "1-0"]
[WhiteElo "2516"]
[BlackElo "2288"]
[PlyCount "41"]
[EventDate "2022.01.22"]
[EventType "team-tourn"]
[EventRounds "9"]
[EventCountry "ESP"]
[SourceTitle "CBM 206 Extra"]
[Source "ChessBase"]
[SourceDate "2022.03.31"]
[SourceVersion "1"]
[SourceVersionDate "2022.03.31"]
[SourceQuality "1"]
[WhiteTeam "Colon Ateneu"]
[BlackTeam "Lleida"]
[WhiteTeamCountry "ESP"]
[BlackTeamCountry "ESP"]

1. e4 g6 2. d4 Bg7 3. Nc3 c6 4. Be3 d5 5. f3 Qb6 6. Rb1 dxe4 7. fxe4 e5 8. Nf3 Nd7 9. Bc4 exd4 10. Nxd4 Qb4 11. Bb3 Ngf6 12. 0-0 0-0 13. h3 Qe7 14. Qf3 Ne5 15. Qg3 c5 16. Bg5 cxd4 17. Bxf6 Qc5 18. Nd5 Nc6 19. Qg5 Qd6 20. e5 Qc5 21. Ne7+ 1-0

[Event "Catalunya-chT Gp2"]
[Site "Barcelona"]
[Date "2022.01.22"]
[Round "1.2"]
[White "Peralta, Fernando"]
[Black "Adel Lahchaichi, Oussama"]
[Result "1-0"]
[WhiteElo "2585"]
[BlackElo "2288"]
[PlyCount "49"]
[EventDate "2022.01.22"]
[EventType "team-tourn"]
[EventRounds "9"]
[EventCountry "ESP"]
[SourceTitle "CBM 206 Extra"]
[Source "ChessBase"]
[SourceDate "2022.03.31"]
[SourceVersion "1"]
[SourceVersionDate "2022.03.31"]
[SourceQuality "1"]
[WhiteTeam "Valls"]
[BlackTeam "Lleida"]
[WhiteTeamCountry "ESP"]
[BlackTeamCountry "ESP"]

1. d4 d5 2. c4 c6 3. Nf3 Nf6 4. Nc3 a6 5. e3 b5 6. b3 Bg4 7. Be2 e6 8. 0-0 Bd6 9. h3 Bh5 10. Bb2 0-0 11. Ne5 Bxe2 12. Qxe2 Nbd7 13. Nxc6 Qb6 14. cxb5 axb5 15. Qxb5 Rfc8 16. Qxb6 Nxb6 17. Ne5 Bxe5 18. dxe5 Nfd7 19. Nb5 Rc2 20. Bd4 Rcxa2 21. Rxa2 Rxa2 22. Rc1 Ra5 23. Nd6 f6 24. Rc6 Ra6 25. b4 1-0

[Event "Vallfogona rapid op 27th"]
[Site "Vallfogona de Balaguer"]
[Date "2019.09.22"]
[Round "6"]
[White "Panelo Munoz, Marcelo A"]
[Black "Adel Lahchaichi, Oussama"]
[Result "0-1"]
[WhiteElo "2360"]
[BlackElo "2282"]
[PlyCount "172"]
[EventDate "2019.09.22"]
[EventType "swiss (rapid)"]
[EventRounds "9"]
[EventCountry "ESP"]
[SourceTitle "EXT 2020"]
[Source "ChessBase"]
[SourceDate "2019.10.17"]
[SourceVersion "1"]
[SourceVersionDate "2019.10.17"]
[SourceQuality "1"]

1. d4 d5 2. Nf3 Nf6 3. c4 c6 4. Nc3 a6 5. a4 e6 6. Bg5 a5 7. e3 Be7 8. Be2 Na6 9. 0-0 0-0 10. Qb3 Nb4 11. Rfd1 h6 12. Bh4 b6 13. cxd5 exd5 14. Na2 Ne4 15. Bxe7 Qxe7 16. Ne5 Bb7 17. Bf3 Ng5 18. Be2 c5 19. Nc3 Qe6 20. Rac1 c4 21. Qa3 f5 22. f4 Nf7 23. Nb5 Rac8 24. b3 cxb3 25. Qxb3 Nd6 26. Nxd6 Qxd6 27. Bb5 Rxc1 28. Rxc1 Rc8 29. Rxc8+ Bxc8 30. Qc3 Be6 31. h3 Qd8 32. Kh2 Qc8 33. Qe1 Qf8 34. Qg3 Qf6 35. Qe1 Qd8 36. Qd1 Qh4 37. g3 Qe7 38. Qh5 Nc2 39. Nc6 Qf7 40. Qe2 Nb4 41. Ne5 Qc7 42. Bd3 Qc3 43. h4 g6 44. Bb1 Kg7 45. g4 Qc1 46. Bd3 Nxd3 47. Qxd3 Qe1 48. Qc2 Qxh4+ 49. Kg2 Qe7 50. Kg3 Qd8 51. Qc6 Qe7 52. Qxb6 fxg4 53. Nc6 Qf6 54. Qc7+ Bf7 55. Ne5 h5 56. Qxa5 h4+ 57. Kxg4 Be6+ 58. Kf3 Qf5 59. Qc7+ Kh6 60. Qe7 Qh3+ 61. Ke2 Qg2+ 62. Ke1 Qg3+ 63. Kd2 Qf2+ 64. Kc3 Qxe3+ 65. Nd3 Qh3 66. Qg5+ Kg7 67. Qe7+ Kh6 68. Qe8 Kg7 69. Qe7+ Kh6 70. Kd2 Bf5 71. Qg5+ Kg7 72. Qe7+ Kh6 73. Qg5+ Kg7 74. Ne5 Qh2+ 75. Kc3 Qc2+ 76. Kb4 Qc7 77. Qxh4 Qb6+ 78. Kc3 Qa5+ 79. Kb3 Qb6+ 80. Ka3 Qd6+ 81. Ka2 Qc7 82. Qf2 Qa5 83. Ka3 Qc3+ 84. Ka2 Bc2 85. Qf1 Qb3+ 86. Ka1 Qa3# 0-1

[Event "Catalunya-chT GpB final"]
[Site "Barcelona"]
[Date "2019.03.23"]
[Round "3.3"]
[White "Adel Lahchaichi, Oussama"]
[Black "Boix Moreno, Daniel"]
[Result "1/2-1/2"]
[WhiteElo "2308"]
[BlackElo "2225"]
[PlyCount "116"]
[EventDate "2019.03.09"]
[EventType "team-tourn"]
[EventRounds "4"]
[EventCountry "ESP"]
[SourceTitle "EXT 2020"]
[Source "ChessBase"]
[SourceDate "2019.10.17"]
[SourceVersion "1"]
[SourceVersionDate "2019.10.17"]
[SourceQuality "1"]
[WhiteTeam "Lleida"]
[BlackTeam "Tres Peons"]
[WhiteTeamCountry "ESP"]
[BlackTeamCountry "ESP"]

1. Nf3 Nf6 2. b3 g6 3. Bb2 Bg7 4. g3 0-0 5. Bg2 d6 6. 0-0 Nc6 7. d4 e5 8. dxe5 Ng4 9. c4 Ngxe5 10. Qd2 a5 11. a4 Nxf3+ 12. exf3 Nb4 13. Bxg7 Kxg7 14. Nc3 Bd7 15. Ne4 f5 16. Nc3 Bc6 17. f4 Qf6 18. Rae1 Rfe8 19. Nd5 Bxd5 20. Bxd5 c6 21. Bg2 Rad8 22. Re3 d5 23. Rxe8 Rxe8 24. cxd5 cxd5 25. Re1 Re7 26. Rd1 Rd7 27. Qe2 Re7 28. Qb5 Qc6 29. Qxa5 Qc2 30. Bf3 Qxb3 31. Qc5 Nc6 32. Kg2 Qxa4 33. Rxd5 Qb4 34. Qc1 Re1 35. Rd7+ Re7 36. Qa1+ Kh6 37. Rd1 Qc4 38. Qh8 Qf7 39. h3 Qg7 40. Qc8 Qf6 41. Qg8 Qg7 42. Qa8 Qf6 43. Rb1 Qf7 44. Qa1 Qg7 45. Qa8 Qf7 46. Bxc6 bxc6 47. Qxc6 Rc7 48. Qd6 Rd7 49. Qb8 Kg7 50. g4 h6 51. Rb6 Qd5+ 52. Kh2 fxg4 53. hxg4 Qf3 54. Qe5+ Kh7 55. Rb2 Qxg4 56. Rb8 Qh4+ 57. Kg2 Qg4+ 58. Kh2 Qh4+ 1/2-1/2

[Event "Catalunya-chT Gp1"]
[Site "Barcelona"]
[Date "2019.03.02"]
[Round "7.3"]
[White "Pogorelov, Ruslan"]
[Black "Adel Lahchaichi, Oussama"]
[Result "1-0"]
[WhiteElo "2357"]
[BlackElo "2308"]
[PlyCount "131"]
[EventDate "2019.01.19"]
[EventType "team-tourn"]
[EventRounds "7"]
[EventCountry "ESP"]
[SourceTitle "CBM 189 Extra"]
[Source "ChessBase"]
[SourceDate "2019.06.03"]
[SourceVersion "1"]
[SourceVersionDate "2019.06.03"]
[SourceQuality "1"]
[WhiteTeam "Salou Escola Escacs"]
[BlackTeam "Lleida"]
[WhiteTeamCountry "ESP"]
[BlackTeamCountry "ESP"]

1. c4 Nf6 2. Nf3 c6 3. Nc3 d5 4. e3 e6 5. Qc2 Nbd7 6. b3 Bd6 7. Be2 Qe7 8. 0-0 b6 9. d4 Bb7 10. Bb2 0-0 11. e4 e5 12. dxe5 Nxe5 13. Nd4 Neg4 14. Nf5 Bxh2+ 15. Kh1 Qc7 16. f3 Bg1 17. e5 Ne3 18. Nxe3 Bxe3 19. Nd1 Bc5 20. b4 Bxb4 21. exf6 Qf4 22. fxg7 Rfe8 23. Bd3 Qh4+ 24. Kg1 Bd6 25. f4 Bc5+ 26. Nf2 Re6 27. Rfe1 Rae8 28. Rxe6 Rxe6 29. Kf1 d4 30. Re1 Rxe1+ 31. Kxe1 Qxf4 32. Bxh7+ Kxg7 33. Bd3 Bc8 34. Qe2 Be6 35. Qe4 Qxe4+ 36. Nxe4 Bb4+ 37. Kf2 c5 38. a3 Ba5 39. Kf3 f5 40. Nd6 Kf6 41. Nb5 a6 42. Nc7 Bc8 43. Nd5+ Ke5 44. Bc1 Bb7 45. Bf4+ Ke6 46. Kf2 Bxd5 47. cxd5+ Kxd5 48. Bxf5 b5 49. g4 Bc3 50. g5 d3 51. Bxd3 c4 52. Bf5 a5 53. Ke2 Bb2 54. g6 Bg7 55. Bc7 b4 56. a4 b3 57. Bxa5 c3 58. Kd3 c2 59. Bd2 Ke5 60. Bd7 Kf6 61. a5 Kxg6 62. a6 Bd4 63. Ba4 Ba7 64. Bxb3 Kf5 65. Bxc2 Ke6 66. Be3 1-0

[Event "Catalunya-chT Gp1"]
[Site "Barcelona"]
[Date "2019.02.16"]
[Round "5.3"]
[White "Cruz Estrada, Filemon"]
[Black "Adel Lahchaichi, Oussama"]
[Result "1-0"]
[WhiteElo "2291"]
[BlackElo "2308"]
[PlyCount "111"]
[EventDate "2019.01.19"]
[EventType "team-tourn"]
[EventRounds "7"]
[EventCountry "ESP"]
[SourceTitle "CBM 189 Extra"]
[Source "ChessBase"]
[SourceDate "2019.06.03"]
[SourceVersion "1"]
[SourceVersionDate "2019.06.03"]
[SourceQuality "1"]
[WhiteTeam "Sant Andreu"]
[BlackTeam "Lleida"]
[WhiteTeamCountry "ESP"]
[BlackTeamCountry "ESP"]

1. c4 c5 2. Nc3 Nc6 3. g3 g6 4. Bg2 Bg7 5. a3 a5 6. d3 e6 7. e4 Nge7 8. Nge2 0-0 9. Rb1 Rb8 10. 0-0 d6 11. Be3 Nd4 12. b4 axb4 13. axb4 Nec6 14. bxc5 dxc5 15. Na4 Nxe2+ 16. Qxe2 Nd4 17. Qd2 Qc7 18. Nb6 Rd8 19. f4 Bd7 20. Nxd7 Rxd7 21. e5 f6 22. Bxd4 Rxd4 23. exf6 Bxf6 24. Qe2 Rd6 25. h4 Qd7 26. Be4 b5 27. h5 b4 28. hxg6 hxg6 29. Qg4 Qg7 30. Bxg6 Kf8 31. f5 Ke7 32. Kg2 Qh6 33. Qe2 Qg5 34. Rh1 Rh8 35. Rxh8 Bxh8 36. Rh1 Bg7 37. Rh7 Kf6 38. Rxg7 Kxg7 39. Qe5+ Qf6 40. Qxd6 exf5 41. Qxc5 Kxg6 42. Qxb4 Qc6+ 43. Kf2 Qh1 44. Qd6+ Kg5 45. Qf4+ Kg6 46. g4 Qh4+ 47. Qg3 Qd8 48. gxf5+ Kxf5 49. Qh3+ Kg5 50. Qe3+ Kf6 51. Qf4+ Kg6 52. Qe4+ Kf7 53. Qd5+ Qxd5 54. cxd5 Kf6 55. Ke3 Ke5 56. d6 1-0

[Event "Catalunya-chT Gp1"]
[Site "Barcelona"]
[Date "2019.02.02"]
[Round "3.3"]
[White "Valle Maytin, Luis Enrique"]
[Black "Adel Lahchaichi, Oussama"]
[Result "1-0"]
[WhiteElo "2285"]
[BlackElo "2308"]
[PlyCount "111"]
[EventDate "2019.01.19"]
[EventType "team-tourn"]
[EventRounds "7"]
[EventCountry "ESP"]
[SourceTitle "CBM 188 Extra"]
[Source "ChessBase"]
[SourceDate "2019.02.26"]
[SourceVersion "1"]
[SourceVersionDate "2019.02.26"]
[SourceQuality "1"]
[WhiteTeam "Gerunda"]
[BlackTeam "Lleida"]
[WhiteTeamCountry "ESP"]
[BlackTeamCountry "ESP"]

1. d4 d5 2. c4 c6 3. cxd5 cxd5 4. Nc3 Nc6 5. Nf3 Nf6 6. Bf4 a6 7. e3 Nh5 8. Bg5 h6 9. Bh4 g5 10. Bg3 Nxg3 11. hxg3 Bg7 12. Qb3 g4 13. Nd2 e6 14. Bd3 b5 15. Rc1 Bd7 16. Qd1 h5 17. Nb3 f5 18. Nc5 Na5 19. Qe2 Kf7 20. a4 Nc4 21. b3 Nd6 22. axb5 Bxb5 23. Bxb5 axb5 24. Nxb5 Qa5+ 25. Nc3 Ne4 26. N5xe4 fxe4 27. 0-0 Rac8 28. Na4 Bf6 29. Nc5 Be7 30. Ra1 Qc7 31. b4 Ra8 32. Ra6 Rxa6 33. Qxa6 Bxc5 34. bxc5 Rb8 35. Ra1 Kf6 36. Qe2 Kf5 37. Qa6 Kf6 38. Qe2 Rb4 39. Kh2 Qb8 40. Rd1 Kf5 41. f3 gxf3 42. gxf3 Rb2 43. Rd2 Rxd2 44. fxe4+ Kxe4 45. Qxd2 h4 46. Qf2 hxg3+ 47. Qxg3 Qh8+ 48. Kg2 Qh5 49. Kf2 Kd3 50. Qf4 Qe2+ 51. Kg3 Qc2 52. Qe5 Qd1 53. Qxe6 Qg1+ 54. Kf4 Qh2+ 55. Kf5 Qf2+ 56. Kg5 1-0

[Event "Catalunya-chT Gp1"]
[Site "Barcelona"]
[Date "2019.01.26"]
[Round "2.3"]
[White "Adel Lahchaichi, Oussama"]
[Black "Fernandez Diaz, Cristian"]
[Result "1-0"]
[WhiteElo "2308"]
[BlackElo "2224"]
[PlyCount "77"]
[EventDate "2019.01.19"]
[EventType "team-tourn"]
[EventRounds "7"]
[EventCountry "ESP"]
[SourceTitle "CBM 188 Extra"]
[Source "ChessBase"]
[SourceDate "2019.02.26"]
[SourceVersion "1"]
[SourceVersionDate "2019.02.26"]
[SourceQuality "1"]
[WhiteTeam "Lleida"]
[BlackTeam "Mollet"]
[WhiteTeamCountry "ESP"]
[BlackTeamCountry "ESP"]

1. Nf3 Nf6 2. c4 g6 3. Nc3 Bg7 4. d3 0-0 5. g3 c5 6. Bg2 Nc6 7. a3 d5 8. cxd5 Nxd5 9. Bd2 Nc7 10. 0-0 b6 11. Ng5 Bd7 12. b4 h6 13. Nh3 cxb4 14. axb4 Nxb4 15. Bxa8 Qxa8 16. Nf4 Bxc3 17. Bxc3 Nbd5 18. Nxd5 Nxd5 19. Bd2 Bh3 20. e4 Bxf1 21. Qxf1 Nf6 22. Bxh6 Rd8 23. Qe2 Kh7 24. Bg5 Kg7 25. h4 Qb7 26. e5 Nh7 27. Bd2 Nf8 28. e6 Nxe6 29. Bc3+ Kh7 30. h5 Nd4 31. hxg6+ fxg6 32. Bxd4 Rxd4 33. Qe6 Rd6 34. Qf7+ Kh6 35. Ra4 Rf6 36. Qg8 g5 37. Rg4 Rf5 38. Qe6+ Rf6 39. Qe5 1-0

[Event "Torredembarra op 20th"]
[Site "Torredembarra"]
[Date "2018.07.03"]
[Round "4"]
[White "Adel Lahchaichi, Oussama"]
[Black "Narciso Dublan, Marc"]
[Result "0-1"]
[WhiteElo "2316"]
[BlackElo "2468"]
[PlyCount "90"]
[EventDate "2018.06.30"]
[EventType "swiss"]
[EventRounds "9"]
[EventCountry "ESP"]
[SourceTitle "CBM 185 Extra"]
[Source "ChessBase"]
[SourceDate "2018.07.29"]
[SourceVersion "1"]
[SourceVersionDate "2018.07.29"]
[SourceQuality "1"]

1. Nf3 f5 2. d3 Nc6 3. e4 e5 4. exf5 d5 5. d4 e4 6. Ne5 Nxe5 7. dxe5 Bxf5 8. Be2 Qd7 9. 0-0 0-0-0 10. c3 Ne7 11. Be3 Kb8 12. b4 Ng6 13. b5 Qe8 14. Nd2 Nxe5 15. Nb3 h5 16. Nd4 Bg4 17. Qa4 Bxe2 18. Nxe2 b6 19. Rfd1 Bc5 20. Nd4 Qg6 21. Kh1 Bxd4 22. Rxd4 Nc4 23. Rad1 Rhf8 24. Qc2 Qf5 25. Kg1 g5 26. Qe2 g4 27. Bh6 Rh8 28. Bg7 Rhg8 29. Bh6 h4 30. Be3 h3 31. g3 Ne5 32. Kh1 Nd3 33. Kg1 Rgf8 34. a4 Rd7 35. a5 Rdf7 36. Rf1 Ne5 37. Ra4 Qf3 38. Qxf3 Nxf3+ 39. Kh1 Nd2 40. Rd1 Nc4 41. Bh6 Nb2 42. Bxf8 Nxd1 43. Bh6 Rxf2 44. Kg1 Rg2+ 45. Kf1 Rxh2 0-1

[Event "Torredembarra op 20th"]
[Site "Torredembarra"]
[Date "2018.06.30"]
[Round "1"]
[White "Luco Manubens, Daniel"]
[Black "Adel Lahchaichi, Oussama"]
[Result "0-1"]
[WhiteElo "1763"]
[BlackElo "2316"]
[PlyCount "74"]
[EventDate "2018.06.30"]
[EventType "swiss"]
[EventRounds "9"]
[EventCountry "ESP"]
[SourceTitle "CBM 185 Extra"]
[Source "ChessBase"]
[SourceDate "2018.07.29"]
[SourceVersion "1"]
[SourceVersionDate "2018.07.29"]
[SourceQuality "1"]

1. f4 c5 2. Nf3 g6 3. c3 Bg7 4. e4 d5 5. e5 Nc6 6. d4 cxd4 7. Nxd4 f6 8. Bb5 Qc7 9. Qa4 fxe5 10. Nxc6 bxc6 11. Bxc6+ Bd7 12. Bxd7+ Qxd7 13. Qxd7+ Kxd7 14. Be3 exf4 15. Bxf4 e5 16. Be3 Rb8 17. b3 a6 18. Na3 Ne7 19. Nc2 Rbc8 20. Kd2 Nf5 21. g3 Nd6 22. Nb4 Ne4+ 23. Ke2 Nxc3+ 24. Kf3 a5 25. Nc2 e4+ 26. Kg2 Ne2 27. Nd4 Nxd4 28. Bxd4 Bxd4 29. Rad1 Bb6 30. Rxd5+ Ke6 31. Rb5 Rc6 32. Rd1 Rf8 33. Rdd5 Rf5 34. Rxf5 gxf5 35. h4 h5 36. a4 Rc2+ 37. Kf1 Bc7 0-1

[Event "Catalunya-chT GpB final"]
[Site "Barcelona"]
[Date "2017.03.25"]
[Round "3.3"]
[White "Adel Lahchaichi, Oussama"]
[Black "Duran Albareda, Xavier"]
[Result "0-1"]
[WhiteElo "2331"]
[BlackElo "2288"]
[PlyCount "92"]
[EventDate "2017.03.11"]
[EventType "team-tourn"]
[EventRounds "11"]
[EventCountry "ESP"]
[SourceTitle "CBM 177 Extra"]
[Source "ChessBase"]
[SourceDate "2017.04.27"]
[SourceVersion "1"]
[SourceVersionDate "2017.04.27"]
[SourceQuality "1"]
[WhiteTeam "Lleida"]
[BlackTeam "Terrassa"]
[WhiteTeamCountry "ESP"]
[BlackTeamCountry "ESP"]

1. c4 Nf6 2. g3 c6 3. Bg2 e5 4. b3 Qb6 5. Nf3 d5 6. cxd5 e4 7. Ng5 cxd5 8. 0-0 h5 9. d4 h4 10. Nc3 Nc6 11. e3 Bb4 12. Ne2 h3 13. Bh1 Rh5 14. f4 Ne7 15. a3 Bd6 16. b4 Bf5 17. Nc3 Rd8 18. Bd2 Bb8 19. Rc1 Qd6 20. Qb3 Bg6 21. b5 Ng4 22. Na4 b6 23. Bb4 Qd7 24. Bxe7 Kxe7 25. Rc6 Bf5 26. Nc3 Kf8 27. Re1 f6 28. Ngxe4 dxe4 29. Nxe4 Re8 30. Nd2 Be6 31. Qb4+ Kg8 32. e4 Rxb5 33. Qc3 Bd5 34. Rc4 Bxc4 35. Qxc4+ Kh8 36. Bf3 Nh6 37. e5 Rc8 38. e6 Qe8 39. Qd3 f5 40. Nc4 Qe7 41. Ne5 Bxe5 42. fxe5 Rb2 43. Re2 Rxe2 44. Qxe2 Qxa3 45. d5 Rc1+ 46. Kf2 Qc5+ 0-1

[Event "Catalunya-chT Gp1"]
[Site "Barcelona"]
[Date "2017.02.11"]
[Round "4.3"]
[White "Adel Lahchaichi, Oussama"]
[Black "Garriga Cazorla, Pere"]
[Result "0-1"]
[WhiteElo "2331"]
[BlackElo "2386"]
[PlyCount "56"]
[EventDate "2017.01.21"]
[EventType "team-tourn"]
[EventRounds "7"]
[EventCountry "ESP"]
[SourceTitle "CBM 176 Extra"]
[Source "ChessBase"]
[SourceDate "2017.03.02"]
[SourceVersion "1"]
[SourceVersionDate "2017.03.02"]
[SourceQuality "1"]
[WhiteTeam "Lleida"]
[BlackTeam "Mollet"]
[WhiteTeamCountry "ESP"]
[BlackTeamCountry "ESP"]

1. c4 c5 2. g3 Nc6 3. Bg2 g6 4. Nc3 Bg7 5. a3 e6 6. b4 d6 7. Rb1 Nge7 8. Nf3 0-0 9. 0-0 b6 10. Qb3 Bb7 11. Bb2 Qc7 12. Ne4 Nd4 13. Nxd4 cxd4 14. c5 Bd5 15. Qd3 dxc5 16. bxc5 f5 17. Nd6 bxc5 18. Qa6 Rab8 19. Ba1 Nc6 20. Nb7 c4 21. Rb5 c3 22. Nc5 Qc8 23. Rxb8 Nxb8 24. Qxa7 Bxg2 25. Kxg2 Qc6+ 26. Kg1 Rc8 27. Nd3 Nd7 28. dxc3 Ra8 0-1

[Event "Catalunya-chT Gp1"]
[Site "Barcelona"]
[Date "2017.01.28"]
[Round "2.3"]
[White "Adel Lahchaichi, Oussama"]
[Black "Garcia Ramos, Daniel"]
[Result "1-0"]
[WhiteElo "2331"]
[BlackElo "2222"]
[PlyCount "91"]
[EventDate "2017.01.21"]
[EventType "team-tourn"]
[EventRounds "7"]
[EventCountry "ESP"]
[SourceTitle "CBM 176 Extra"]
[Source "ChessBase"]
[SourceDate "2017.03.02"]
[SourceVersion "1"]
[SourceVersionDate "2017.03.02"]
[SourceQuality "1"]
[WhiteTeam "Lleida"]
[BlackTeam "Peona I Peo"]
[WhiteTeamCountry "ESP"]
[BlackTeamCountry "ESP"]

1. c4 c5 2. g3 g6 3. Bg2 Bg7 4. Nc3 Nc6 5. a3 Nf6 6. Rb1 a5 7. Nf3 d5 8. cxd5 Nxd5 9. Nxd5 Qxd5 10. d3 0-0 11. 0-0 Qd6 12. Nd2 Qc7 13. Nc4 e5 14. Bd2 a4 15. b4 axb3 16. Rxb3 Be6 17. Bc3 Rfb8 18. Rb5 Bxc4 19. dxc4 Rxa3 20. Qc1 Ra4 21. Rxc5 Qd6 22. Rd5 Qe6 23. c5 e4 24. Rd6 Qc4 25. Bxg7 Qxc1 26. Rxc1 Kxg7 27. Rb1 Rd8 28. Rxb7 Rxd6 29. cxd6 Ra1+ 30. Bf1 Rd1 31. Re7 Rxd6 32. Rxe4 f5 33. Re8 Kf7 34. Rc8 Ne7 35. Rc7 Rc6 36. Rb7 Kf6 37. h4 h6 38. Bg2 Rd6 39. f4 Ra6 40. Bf3 Re6 41. Kf2 Ra6 42. h5 g5 43. fxg5+ hxg5 44. h6 Re6 45. Bh5 Re5 46. Rb6+ 1-0

[Event "Andorra op 34th"]
[Site "Escaldes"]
[Date "2016.08.05"]
[Round "3"]
[White "Demuth, Adrien"]
[Black "Adel Lahchaichi, Oussama"]
[Result "1/2-1/2"]
[WhiteElo "2545"]
[BlackElo "2334"]
[PlyCount "31"]
[EventDate "2016.08.03"]
[EventType "swiss"]
[EventRounds "9"]
[EventCountry "AND"]
[SourceTitle "CBM 173 Extra"]
[Source "ChessBase"]
[SourceDate "2016.08.29"]
[SourceVersion "1"]
[SourceVersionDate "2016.08.29"]
[SourceQuality "1"]

1. c4 c5 2. Nf3 Nc6 3. Nc3 g6 4. e3 Nf6 5. d4 cxd4 6. exd4 d5 7. c5 Bg7 8. Be2 0-0 9. 0-0 Ne4 10. Re1 Bg4 11. Be3 Nxc3 12. bxc3 b6 13. Qa4 Qc7 14. Bb5 Bd7 15. Qa3 e6 16. Bxc6 1/2-1/2

[Event "Andorra op 34th"]
[Site "Escaldes"]
[Date "2016.08.04"]
[Round "2"]
[White "Adel Lahchaichi, Oussama"]
[Black "Smith, Matthieu"]
[Result "1-0"]
[WhiteElo "2334"]
[BlackElo "2108"]
[PlyCount "83"]
[EventDate "2016.08.03"]
[EventType "swiss"]
[EventRounds "9"]
[EventCountry "AND"]
[SourceTitle "CBM 173 Extra"]
[Source "ChessBase"]
[SourceDate "2016.08.29"]
[SourceVersion "1"]
[SourceVersionDate "2016.08.29"]
[SourceQuality "1"]

1. c4 e5 2. g3 Nc6 3. Bg2 f5 4. Nc3 Nf6 5. e3 d5 6. cxd5 Nb4 7. d3 Nfxd5 8. Nxd5 Nxd5 9. Nf3 Bb4+ 10. Bd2 Qd6 11. 0-0 Bxd2 12. Qxd2 0-0 13. e4 Nf6 14. Qc3 fxe4 15. dxe4 Re8 16. Ng5 c6 17. Rfd1 Qe7 18. Rd2 h6 19. Qb3+ Kh8 20. Nf3 Be6 21. Qe3 Bg4 22. Nh4 Kg8 23. h3 Be6 24. Qc3 Qc7 25. Rad1 Rad8 26. Rxd8 Rxd8 27. Rxd8+ Qxd8 28. Qxe5 Bxa2 29. Nf5 Kh7 30. Bf3 Qd7 31. Qf4 Qe6 32. Kg2 Bb1 33. Nd4 Qe7 34. e5 Nd5 35. Be4+ Bxe4+ 36. Qxe4+ Kg8 37. e6 Nc7 38. Qe5 c5 39. Nf5 Qf6 40. Qxc7 Qxf5 41. e7 Qe4+ 42. Kh2 1-0

[Event "Sitges op 42nd"]
[Site "Sitges"]
[Date "2016.07.25"]
[Round "4"]
[White "Adel Lahchaichi, Oussama"]
[Black "Beltran Rueda, Santiago"]
[Result "0-1"]
[WhiteElo "2334"]
[BlackElo "2383"]
[PlyCount "66"]
[EventDate "2016.07.22"]
[EventType "swiss"]
[EventRounds "9"]
[EventCountry "ESP"]
[SourceTitle "EXT 2017"]
[Source "ChessBase"]
[SourceDate "2016.10.25"]
[SourceVersion "1"]
[SourceVersionDate "2016.10.25"]
[SourceQuality "1"]

1. c4 c5 2. g3 g6 3. Bg2 Bg7 4. Nc3 Nc6 5. a3 Nf6 6. Nf3 0-0 7. 0-0 d5 8. cxd5 Nxd5 9. Nxd5 Qxd5 10. d3 Bg4 11. Qa4 Qd7 12. Qc2 Bxf3 13. exf3 Nd4 14. Qd1 Rac8 15. Be3 Rfd8 16. Rc1 Qb5 17. Bxd4 Bxd4 18. Qe2 e6 19. Rc2 a5 20. f4 Qb3 21. Rfc1 Rc7 22. h4 h5 23. Rd2 Rcd7 24. Rcc2 b6 25. Bf1 a4 26. Qe4 b5 27. Qc6 b4 28. Be2 Rd6 29. Qc7 bxa3 30. bxa3 Bc3 31. Qxc5 Bxd2 32. Rxd2 Rd5 33. Qe7 Rc8 0-1

[Event "Catalunya-chT Gp1 final"]
[Site "Barcelona"]
[Date "2016.04.02"]
[Round "2.4"]
[White "Adel Lahchaichi, Oussama"]
[Black "Rocabert Andreu, Guillem A"]
[Result "1-0"]
[WhiteElo "2283"]
[BlackElo "2216"]
[PlyCount "51"]
[EventDate "2016.03.12"]
[EventType "team-tourn"]
[EventRounds "4"]
[EventCountry "ESP"]
[SourceTitle "CBM 171 Extra"]
[Source "ChessBase"]
[SourceDate "2016.04.26"]
[SourceVersion "1"]
[SourceVersionDate "2016.04.26"]
[SourceQuality "1"]
[WhiteTeam "Lleida"]
[BlackTeam "Figueres"]
[WhiteTeamCountry "ESP"]
[BlackTeamCountry "ESP"]

1. c4 c6 2. Nf3 d5 3. g3 Nf6 4. Bg2 e6 5. b3 Be7 6. Bb2 Nbd7 7. 0-0 0-0 8. d3 b6 9. Nbd2 Bb7 10. Rc1 c5 11. cxd5 Bxd5 12. e4 Bb7 13. Qe2 Rc8 14. Rfd1 Qc7 15. d4 Qb8 16. d5 exd5 17. e5 Rfe8 18. Ng5 Bf8 19. f4 h6 20. Nxf7 Kxf7 21. Qd3 Rcd8 22. exf6 Nxf6 23. Bxf6 gxf6 24. Nf3 d4 25. Nh4 Bg7 26. Qc4+ 1-0